1995 Worldwide Box Office - Statistics

General Stats
  • This quiz has been taken 13 times
  • The average score is 4 of 10
Answer Stats
Rank Movie Title Worldwide Box Office (USD) Distributor/Studio Genre % Correct
1 Toy Story $375,452,457 Disney Family/Animation
100%
4 Pocahontas $347,100,000 Disney Musical/Animation
50%
5 Batman Forever $336,688,945 Warner Bros. Superhero/Comics
40%
3 Goldeneye $356,429,933 MGM Action
40%
7 Se7en $328,908,073 New Line Suspense/Thriller
40%
6 Apollo 13 $336,655,638 Universal Historical Drama
30%
2 Die Hard: With a Vengeance $366,101,666 20th Century Fox Action
30%
10 Jumanji $262,758,310 Sony Family/Fantasy
20%
9 Waterworld $264,246,220 Universal Action/Dystopia
20%
8 Casper $290,277,077 Universal Family/Fantasy
10%
No matching quizzes found
Score Distribution
Percent of People with Each Score
Percentile by Number Answered
Your Score History
You have not taken this quiz